Normal view
MARC view
- Taylor W. & LaBarre P
Entry Personal Name
001 - CONTROL NUMBER
- control field: 203882
003 - CONTROL NUMBER IDENTIFIER
- control field: OSt
005 - DATE AND TIME OF LATEST TRANSACTION
- control field: 20230719125549.0
008 - FIXED-LENGTH DATA ELEMENTS
- fixed length control field: 230719|| aca||aabn | a|a d
040 ## - CATALOGING SOURCE
- Original cataloging agency: OSt
- Transcribing agency: OSt
100 ## - HEADING--PERSONAL NAME
- Personal name: Taylor W. & LaBarre P
670 ## - SOURCE DATA FOUND
- Source citation: Work cat.: (OSt)354482: Taylor W. 203881, Mavericks At Work, 2006